Liedtext - König der Löwen - Seid Bereit - Statistiken

Allgemein
  • Dieses Quiz wurde 88 mal gespielt
  • Das Durchschnittsergebnis liegt bei 189 aus 275
Antwortstatistiken
Antwort % Korrekt
Ich
98%
ich
98%
(Ich
98%
bereit
90%
er
90%
für
90%
Für
90%
(Für
90%
seid
90%
Seid
90%
die
88%
Es
88%
es
88%
(ja
88%
Ja
88%
König)
88%
König
88%
der
85%
sein
85%
all
83%
das
83%
den
83%
Ihr
83%
ihr
83%
la la-la la la-la!)
83%
nicht
83%
was
83%
was?)
83%
wer
83%
werde
83%
du
80%
ist
80%
mich
80%
sind
80%
und
80%
(Und
80%
Wir
80%
wir
80%
nie
78%
uns
78%
wie
78%
(Aber
76%
euch
76%
mein
76%
schon
76%
so
76%
als
73%
Als
73%
an
73%
dass
73%
des
73%
einen
73%
mir
73%
(Nein
73%
um
73%
von
73%
wird
73%
zu
73%
geben!)
71%
gibt
71%
Ihn
71%
wieder
71%
alles
68%
auch
68%
auch)
68%
dem
68%
hast
68%
lang
68%
lebe
68%
Meine
68%
(Niemand
68%
Niemand
68%
noch
68%
weiß
68%
aus
66%
Hyänen
66%
Kein
66%
lass
66%
springt
66%
werdet
66%
will
66%
zum
66%
braucht
63%
doch...)
63%
Hunger
63%
Jahrhunderts
63%
leiden)
63%
ohne
63%
Simba
63%
Tag
63%
Untertanen
63%
viel
63%
bald
61%
bringen
61%
Eines
61%
In
61%
in
61%
Königs)
61%
Königs
61%
liebt
61%
nur
61%
raus?)
61%
seit
61%
sicher
61%
Tod
61%
wenn
61%
Zeit
61%
dämlichen
59%
gibts
59%
jedermann
59%
meiner
59%
Pflichten
59%
red
59%
(Wieso
59%
andere
56%
Beschränktheit
56%
Herrscher
56%
Jahren
56%
klein
56%
krank?)
56%
Krümelchen
56%
Lohn
56%
mehr
56%
muss
56%
nen
56%
plan
56%
Viecher
56%
Zähne
56%
blank
54%
ermahnen
54%
erwähnen
54%
(Idioten!
54%
Recht
54%
Unsere
54%
befreit
51%
darf
51%
endlich
51%
eures
51%
größten
51%
Haltet
51%
jedoch
51%
Knechtschaft
51%
Königen
51%
Lebens
51%
leer
51%
Löwenlatein
51%
Neid
51%
oberen
51%
rede
51%
verbissen
51%
Etagen
49%
ganz
49%
geboren
49%
Gewissen
49%
goldene
49%
meiste
49%
Null
49%
triumphiert
49%
trotz
49%
Coup
46%
erinnern
46%
erkoren
46%
ernsthaft
46%
Gefahren
46%
näher
46%
schützt
46%
Thronen
46%
Unwissen
46%
Zukunft
46%
Ära
44%
bestimmt
44%
Erglänz
44%
gerissen
44%
höflichst
44%
Pracht
44%
schleicht
44%
klasse
41%
krieg
41%
nebenbei
41%
sowieso
41%
Pakt
39%
stumpfen
39%
Visagen
37%
allen
34%
betonen
34%
Coups
34%
trotzdem
32%
teuflichsten
27%
Idee!
24%
plündern
24%
(Tolle
22%
Keine übereinstimmenden Quizze gefunden
Verteilung der Resultate
Anzahl Personen mit jedem Resultat
Perzentil nach korrekt beantworteten Fragen
Ihre Resultats-Entwicklung
Sie haben dieses Quiz noch nicht gespielt